| 000 | 00605nam a22002057a 4500 | ||
|---|---|---|---|
| 003 | OSt | ||
| 005 | 20140310181743.0 | ||
| 008 | 130418t xxu||||| |||| 00| 0 eng d | ||
| 020 | _a9789710021802 | ||
| 050 |
_aBV 4012 _b.M251 2009 |
||
| 082 |
_aFIL 248.4 _bS181 2009 |
||
| 245 |
_aProtips for conficent living : _bstanding tall through tough times / _cMalibiran-Salumbides, Maloi |
||
| 260 |
_aMakati City : _bChurch Strengthening Ministry,Inc. _c2009. |
||
| 300 |
_a100p. : _c18 cm. |
||
| 521 | _aCollege | ||
| 526 | _c1210L-1700L | ||
| 541 | _j1 | ||
| 562 | _e1 | ||
| 942 |
_2lcc _cBK-FIL |
||
| 999 |
_c2856 _d2856 |
||